Shakespeare Characters Quiz Stats

 Plays Quiz Updated Dec 5, 2018

     
Support Sporcle.
Go Orange.
Score 0/22 Timer 07:00
4 Plays Today
Description Character % Correct
One of the feuding families in 'Romeo and Juliet'Montague or Capulet
83.3%
Friend and Murderer of Julius CaesarMarcus Brutus
81.6%
She goes mad and drowns herself in 'Hamlet'Ophelia
78.5%
Villain and manipulator of 'Othello'Iago
78.3%
Fairy and Oberon's servant in 'A Midsummer Night's Dream'Puck
72%
Romeo's friend that is killed by TybaltMercutio
72%
Slayer of MacbethMacduff
62.4%
Wife of OthelloDesdemona
59.8%
Moneylender of 'The Merchant of Venice'Shylock
52.1%
Queen of the fairies in 'A Midsummer Night's Dream'Titania
51.6%
His ghost haunts Macbeth at a banquetBanquo
49.7%
Description Character % Correct
One of the three 'King Lear' daughtersGoneril, Regan or Cordelia
49.4%
The 'shrew' of 'The Taming of the Shrew'Katherina (Kate)
49.2%
One of the twin siblings in 'Twelfth Night'Viola or Sebastian
47.5%
He gives his son Laertes a lot of advice in 'Hamlet'Polonius
47.5%
Queen of Denmark (with two kings) and Hamlet's motherGertrude
45.3%
Magician and father of Miranda in 'The Tempest'Prospero
41.4%
Fat friend of Prince Hal, he appears in 'The Merry Wives of Windsor' and 'Henry IV' parts I and IISir John Falstaff
40.7%
Loyal friend to Hamlet, the only one in whom Hamlet will confideHoratio
39.9%
Slave and brutish island inhabitant in 'The Tempest'Caliban
35.5%
Heroine who disguises herself as a boy in 'As You Like It'Rosalind
30%
The heroine of 'All's Well That Ends Well'Helena
11.1%

From the Vault

Click the US Coins

by nateeverett

But really, when are we going to get rid of the penny?
Remove Ads.
Support Sporcle.
Get the best of Sporcle when you Go Orange. This ad-free experience offers more features, more stats, and more fun while also helping to support Sporcle. Thank you for becoming a member.

Show Comments

Extras

Top Quizzes Today


Score Distribution

Your Account Isn't Verified!

In order to create a playlist on Sporcle, you need to verify the email address you used during registration. Go to your Sporcle Settings to finish the process.

Report this User

Report this user for behavior that violates our Community Guidelines.

Details: